| 000 | 00804cab a2200253 4500 | ||
|---|---|---|---|
| 001 | ABS55047 | ||
| 008 | 090401t1996 xxu||||| |||| 00| 0 eng d | ||
| 035 | _a(Sirsi) u13800 | ||
| 041 | _aeng | ||
| 100 | _aCrow, Stephen | ||
| 245 | _aLessons from "Bryan" | ||
| 260 | _c1996 | ||
| 350 | _a0 | ||
| 490 |
_aJournal of Planning and Environment Law _vMay 1996, 359-369(11) |
||
| 520 | _aConsiders the implications of "Bryan v United Kingdom", particularly looking at the appeal system in the UK and the planning inspectorate. | ||
| 650 | _aBRYAN V UNITED KINGDOM | ||
| 650 | _aEUROPEAN COURT OF HUMAN RIGHTS | ||
| 650 | _aLEGAL PROCEDURE | ||
| 650 | _aPLANNING APPEAL PROCEDURES | ||
| 650 | _aPLANNING INSPECTORATE | ||
| 690 | _aPLANNING LAW AND PRACTICE | ||
| 942 | _n0 | ||
| 948 | _c04/03/1997 | ||
| 999 |
_c8897 _d8897 |
||